One Piece Hardcore 2 - Statistics

General Stats
  • This quiz has been taken 1,663 times
  • The average score is 9 of 10
Answer Stats
Question Answer % Correct
What is the name of Usopp's father? Yasopp
100%
How much was Luffy's first bounty? 30.000.000 Beli
97%
Who is the author/creator of One Piece? Eiichiro Oda
97%
Who is the only person to whom Luffy entrusts his hat? Nami
97%
What is the name of Nami's adoptive mother? Bellmere
96%
What are Calm Belt's sea monsters called? Sea Kings
94%
Which mountain does Luffy's crew must cross to reach Grand Line? Reverse Mountain
93%
Who is Mr.3? Galdino
86%
How many members does Luffy's crew count when entering Grand Line? 5
82%
Who is Mr.2? Bentham
78%
No matching quizzes found
Score Distribution
Percent of People with Each Score
Percentile by Number Answered
Your Score History
You have not taken this quiz